000 00642cab a2200241 4500
001 ABS40053
008 090401t1988 xxu||||| |||| 00| 0 eng d
035 _a(Sirsi) u21049
041 _aeng
100 _aBaird, A.
245 _aSet-aside: what are the tax implications?
260 _c1988
350 _a0
490 _aCountry Landowner
_v41(11) November 1988, 26(1)
520 _aVery briefly considers the tax implications of the set-aside scheme.
650 _aALTERNATIVE ENTERPRISES
650 _aDIVERSIFICATION
650 _aFARMING
650 _aFARMLAND
690 _aTAXATION
942 _n0
948 _c04/03/1997
999 _c14124
_d14124